Environmental forensics : a glossary of terms (Record no. 175273)

MARC details
000 -LEADER
fixed length control field 00541nam a2200181Ia 4500
008 - FIXED-LENGTH DATA ELEMENTS--GENERAL INFORMATION
fixed length control field 191130s2000##################000#0#eng##
020 ## - INTERNATIONAL STANDARD BOOK NUMBER
ISBN 9780849300011
082 ## - DEWEY DECIMAL CLASSIFICATION NUMBER
Classification number 344.7304603 MOR
100 ## - MAIN ENTRY--AUTHOR NAME
Personal name Morrison, Robert D
245 ## - TITLE STATEMENT
Title Environmental forensics : a glossary of terms
Statement of responsibility, etc Robert D. Morrison
260 ## - PUBLICATION, DISTRIBUTION, ETC. (IMPRINT)
Place of publication Boca Raton, FL
Name of publisher CRC Press
Year of publication 2000
300 ## - PHYSICAL DESCRIPTION
Number of Pages 246 p
500 ## - GENERAL NOTE
General note Includes bibliographical references and index
991 ## -
-- 436235
Holdings
Withdrawn status Lost status Damaged status Not for loan Home library Current library Shelving location Date acquired Full call number Accession Number Price effective from Koha item type
        Anna Centenary Library Anna Centenary Library 4TH FLOOR, A WING 13.10.2020 344.7304603 MOR 145427 13.10.2020 English Books

Find us on the map